000 00601nam a2200205 a 4500
005 20200104041529.0
008 140304b1999 ck ||||| |||| 00| 0 spa d
040 _aCO-BoIAVH
_cCO-BoIAVH
041 _aspa
044 _ack
090 _aLB
_b02030
110 _bCentro de Estudios Ganaderos y Agrícolas
_914969
245 _aEstudio de factibilidad del cultivo de palma de aceite en tres zonas del PNDA
_binforme ejecutivo
260 _aBogotá
_bCEGA
_c1999
300 _a60
650 _aAgricultura
_9304
650 _aEstudio de factibilidad
_93857
662 _aColombia
942 _cINFORME
_2z
999 _c2207
_d2207